000 00551nam a22001457a 4500
005 20241221110627.0
008 241004b |||||||| |||| 00| 0 eng d
050 _aDPer050 M72 January-March 2018 v. 66 no. 8-10
100 _aCanales, Randy O.
_eauthor.
_962211
245 _aThe gold that every athlete aims for /
_cRandy O. Canales.
260 _aPhilippines;
_bPublishers Association of the Philippines, Inc.,
_cJanuary 2019.
300 _aVolume 66, pages 294,
_billustration.
700 _aCanales, Randy O.
_eauthor.
_962212
942 _2ddc
_cPER
999 _c22191
_d22191